Guess the college of each current NFL quarterback - Statistics

General Stats
  • This quiz has been taken 268 times
  • The average score is 46 of 65
Answer Stats
QB College % Correct
Tua Tagovailoa Alabama
99%
Bryce Young Alabama
99%
Mac Jones Alabama
99%
Jayden Daniels LSU
96%
Joe Burrow LSU
96%
Caleb Williams USC
96%
Sam Darnold USC
96%
Jared Goff Cal
95%
Aaron Rodgers Cal
95%
Justin Fields Ohio State
95%
Cj Stroud Ohio State
95%
Baker Mayfield Oklahoma
94%
Jalen Hurts Oklahoma
94%
Kyler Murray Oklahoma
94%
Bo Nix Oregon
93%
Marcus Mariota Oregon
93%
Justin Herbert Oregon
93%
JJ Mccarthy Michigan
92%
Anthony Richardson Florida
91%
Kyle Trask Florida
91%
Drake Maye North Carolina
89%
Sam Howell North Carolina
89%
Mitchell Trubisky North Carolina
89%
Deshaun Watson Clemson
88%
Trevor Lawrence Clemson
88%
Stetson Bennett Georgia
86%
Matthew Stafford Georgia
86%
Pat Mahomes Texas Tech
85%
Brock Purdy Iowa State
84%
Lamar Jackson Louisville
84%
Jake Browning Washington
82%
Michael Penix Jr. Washington
82%
Josh Allen Wyoming
82%
Jameis Winston Florida State
79%
Kenny Pickett Pitt
75%
Hendon Hooker Tennessee
74%
Joshua Dobbs Tennessee
74%
Russell Wilson Wisconsin
74%
Daniel Jones Duke
72%
Geno Smith West Virginia
71%
Dak Prescott Mississippi State
70%
Will Levis Kentucky
68%
Drew Lock Missouri
66%
Jordan Love Utah State
64%
Kirk Cousins Michigan State
63%
Derek Carr Fresno State
59%
Desmond Ridder Cincinnati
56%
Sean Clifford Penn State
53%
Malik Willis Liberty
50%
Gardner Minshew Washington State
50%
Joe Flacco Delaware
48%
Davis Mills Stanford
47%
Andy Dalton TCU
47%
Jarrett Stidham Auburn
43%
Aidan Oconnell Purdue
43%
Jacoby Brissett NC State
40%
Tyrod Taylor Virginia Tech
37%
Mason Rudolph Oklahoma State
36%
Easton Stick NDSU
35%
Carson Wentz NDSU
35%
Jimmy Garoppolo Eastern Illinois
30%
Tommy Devito Syracuse
27%
Cooper Rush Central Michigan
17%
Mike White South Florida
9%
Tyson Bagent Sheperd
8%
No matching quizzes found
Score Distribution
Percent of People with Each Score
Percentile by Number Answered
Your Score History
You have not taken this quiz